Croatia world cup 1998 squad - Statistics

General Stats
  • This quiz has been taken 164 times
  • The average score is 8 of 22
Answer Stats
Hint Answer % Correct
Davor Šuker 9
98%
Zvonimir Boban 10
72%
Robert Prosinečki 8
66%
Robert Jarni 17
53%
Aljoša Asanović 7
46%
Slaven Bilić 6
44%
Dražen Ladić 1
43%
Goran Vlaović 19
42%
Dario Šimić 20
38%
Igor Štimac 4
36%
Mario Stanić 13
34%
Igor Tudor 15
29%
Zvonimir Soldo 14
28%
Krunoslav Jurčić 21
22%
Marijan Mrmić 12
21%
Zoran Mamić 18
21%
Silivio Marić 11
20%
Goran Jurić 5
19%
Petar Krpan 2
19%
Ardian Kozniku 16
16%
Anthony Šerić 3
15%
Vladimir Vasilj 22
15%
No matching quizzes found
Score Distribution
Percent of People with Each Score
Percentile by Number Answered
Your Score History
You have not taken this quiz